000 00434nam a2200157Ia 4500
008 230312s9999||||xx |||||||||||||| ||und||
020 _a0-8129-2827-x
082 _a378.30978
_bDAV
100 _aKristin Davis
245 0 _aFinancing College
260 _bKiplinger Books
_aWashington
_c1996
300 _a288
546 _aEng.
650 _aManagement
_vAffording Gold Plated Diploma, Where to keep your college Mony
942 _cBK
999 _c1942
_d1942